Memoria del ministro de Justicia, Culto e Instrucción Pública : (Record no. 182876)
[ view plain ]
| 000 -LEADER | |
|---|---|
| campo de control de longitud fija | 00804nas a2200217 i 4500 |
| 001 - NÚMERO DE CONTROL | |
| campo de control | 182876 |
| 003 - IDENTIFICADOR DE NÚMERO DE CONTROL | |
| campo de control | ES-MaACL |
| 005 - FECHA Y HORA DE LA ÚLTIMA TRANSACCIÓN | |
| campo de control | 20250217134910.0 |
| 008 - DATOS DE LONGITUD FIJA--INFORMACIÓN GENERAL | |
| campo de control de longitud fija | 131121d1885 cl ar m | |spa d |
| 022 ## - NÚMERO INTERNACIONAL NORMALIZADO PARA PUBLICACIONES SERIADAS | |
| Número Internacional Normalizado para Publicaciones Seriadas | 9972-7870 |
| 080 ## - NÚMERO DE LA CLASIFICACIÓN DECIMAL UNIVERSAL | |
| Número de la Clasificación Decimal Universal | 354.51(83)(060.55) |
| 110 1# - ENTRADA PRINCIPAL--NOMBRE DE ENTIDAD CORPORATIVA | |
| Nombre de entidad corporativa o nombre de jurisdicción como elemento de entrada | Chile. |
| Unidad subordinada | Ministerio de Justicia, Culto e Instrucción Pública. |
| 9 (RLIN) | 153867 |
| 245 10 - MENCIÓN DEL TÍTULO | |
| Título | Memoria del ministro de Justicia, Culto e Instrucción Pública : |
| Resto del título | presentada al Congreso Nacional. |
| 260 ## - PUBLICACIÓN, DISTRIBUCIÓN, ETC. | |
| Lugar de publicación, distribución, etc. | Santiago de Chile : |
| Nombre del editor, distribuidor, etc. | [Ministerio de Justicia, Culto e Instrucción Pública, |
| Fecha de publicación, distribución, etc. | 1885] ( |
| Fabricante | Imp. Nacional) |
| 300 ## - DESCRIPCIÓN FÍSICA | |
| Extensión | 1 v. ; |
| Dimensiones | 25 cm. |
| 310 ## - PERIODICIDAD ACTUAL | |
| Periodicidad actual | Anual |
| 610 14 - PUNTO DE ACCESO ADICIONAL DE MATERIA--NOMBRE DE ENTIDAD CORPORATIVA | |
| Nombre de entidad corporativa o nombre de jurisdicción como elemento de entrada | Chile. |
| Unidad subordinada | Ministerio de Justicia, Culto e Instrucción Pública- |
| Subdivisión de forma | Memorias. |
| 9 (RLIN) | 153868 |
| 852 4# - LOCALIZACIÓN | |
| Ubicación | ES-MaACL |
| Número de control de estantería | G-6826 |
| 866 #0 - MENCIÓN TEXTUAL DE FONDOS--UNIDAD BIBLIOGRÁFICA BÁSICA | |
| Fondos | 1885. |
| Estatus retirado | Estado de pérdida | Estado de daño | No para préstamo | Colección | Biblioteca de origen | Biblioteca actual | Ubicación en estantería | Fecha de adquisición | Fuente de adquisición | Total de préstamos | Signatura topográfica completa | Código de barras | Visto por última vez | Precio de reemplazo | Tipo de ítem Koha |
|---|---|---|---|---|---|---|---|---|---|---|---|---|---|---|---|
| Periódicos y Revistas | Biblioteca del Ateneo de Madrid | Biblioteca del Ateneo de Madrid | Depósito 2 | 21/11/2013 | G-6826 | 1192197 | 23/02/2023 | 23/02/2023 | Revista |
